01010nam a2200193Ia 4500001001000000003001000010008004100020040002500061041001600086100002400102245007200126250001100198260005700209300001300266500019000279501011400469520019000583650004300773L443-2208IT-CnALBA170116s9999||||xx |||||||||||||| ||und|| aIT-CnALBAcIT-CnALBA aIT.-FRANC.  aDE DOMINICIS FRANCA 0aDIZIONARIO GARZANTI FRANCESE. ITALIANO-FRANCESE-FRANCESE-ITALIANO.  a2a ed. aMILANObGARZANTI ALDO EDITORE c1969 [1° Ed.: n.d.] a1000 p.  aREDAZIONE DI ANGILELLA ELENA, TSEVRENIS SONIA, LAVERONI MARISA, CISLAGHI ANGELA. AVVERTENZE PER L'USO. FONETICA. ABBREVIAZIONI. CITTÀ PRINCIPALI. DIPARTIMENTI. SIGLE E ABBREVIAZIONI.  aSocietà San Paolo EM - Piazza San Paolo, 14 - 12051 ALBA (CN) (non commercial uses only) ® Copyright 2017 aREDAZIONE DI ANGILELLA ELENA, TSEVRENIS SONIA, LAVERONI MARISA, CISLAGHI ANGELA. AVVERTENZE PER L'USO. FONETICA. ABBREVIAZIONI. CITTÀ PRINCIPALI. DIPARTIMENTI. SIGLE E ABBREVIAZIONI.  aDIZIONARI DELLA LINGUA FRANCESE E IN F